000 00721cam a2200241 a 4500
001 16314667
005 20180308034031.0
008 100702s2011 cau b s001 0 eng
010 _a 2010027772
020 _a9780520258822 (cloth : alk. paper)
040 _aDLC
_cDLC
_dDLC
041 _aeng
042 _apcc
080 _a338.7610
082 0 0 _a338.7610 VAI
_222
100 1 _a53
101 _aMNG
245 1 4 _aThe Googlization of everything :
_cSiva Vaidhyanathan.
504 _aIncludes bibliographical references (p. 219-255) and index.
906 _a7
_bcbc
_corignew
_d1
_eecip
_f20
_gy-gencatlg
942 _2ddc
_cBK
999 _c44382
_d44382